ロード中...
| LEADER | 00593nam a22001577a 4500 | ||
|---|---|---|---|
| 005 | 20151215125340.0 | ||
| 008 | 091201t xxu||||| |||| 00| 0 eng d | ||
| 082 | |a X:8Y |b J710 | ||
| 100 | |a Dooher, M. Joseph |e Editor |9 11399 | ||
| 245 | |a Selection of management personnel | ||
| 300 | |a 364p. | ||
| 942 | |c BK |6 _ | ||
| 260 | |b AMA |c 1957 | ||
| 999 | |c 102285 |d 102285 | ||
| 952 | |0 0 |1 5 |2 ddc |4 0 |6 X8Y_J710 |7 0 |9 129084 |a SMS |b SMS |c GEN |d 2009-12-01 |o X:8Y J710 |p SMS004120 |r 2009-12-01 |w 2009-12-01 |y WR | ||
| 952 | |0 0 |1 5 |2 ddc |4 0 |6 X8Y_J7102 |7 0 |9 129085 |a SMS |b SMS |c GEN |d 2009-12-01 |o X:8Y J710.2 |p SMS004121 |r 2009-12-01 |w 2009-12-01 |y WR | ||